000 00941nas a2200253 4500
001 BR9202725
003 BR-BrBNA
005 20231205092535.0
007 ta
008 230509b bl.|||p| |||| 00| 00por d
040 _aBR-BrBNA
_bpor
_cBiblioteca Nacional de Agricultura
041 _a(Pt)
072 _aM12
100 1 _aFigueiredo, G.M. de
100 1 _aSenhorini, J.A.
245 1 _aInfluencia de biocidas no desenvolvimento da carpa comum (Cyprinus carpio Linnaeus, 1758)e sobre o zooplancton, durante o periodo de larvicultura
246 1 _aInfluence of biocides in the development of the common carp (Cyprinus carpio Linneaus, 1758)and on the zooplankton, during the larviculture period
650 _aCARPA
650 _aZOOPLANCTON
650 _aDIETA
773 0 _tBoletim Tecnico do CEPTA (Brazil)
_xISSN 0103-1112
_g(1990), v. 3 p. 5-21
_wBR9202725
909 _a202311
_bLúcia
_c55
_dLúcia Elande
942 _2AGRIS
_n0
_cANA
999 _c132428
_d132428